000 00437nam a22001577a 4500
008 220307b |||||||| |||| 00| 0 eng d
020 _a9781444913989
082 _a808.899282/C839h
100 _aCowell, Cressida
245 _aHow to betray a dragon's hero.
260 _aLondon:
_bHodder Children;s Books,
_c2013.
300 _a398p.; illus.
650 _aChildre;s literature
650 _aChildren's stories
942 _2ddc
_cGEN
999 _c103850
_d103838